[Event "SVK-chT3B2 1920"]
[Site "Slovakia"]
[Date "2019.10.06"]
[Round "1.3"]
[White "Jurik, Karol"]
[Black "Masarik, Drahoslav"]
[Result "1/2-1/2"]
[WhiteElo "1795"]
[BlackElo "1902"]
[PlyCount "45"]
[EventDate "2019.10.06"]
[EventType "team-tourn"]
[EventRounds "11"]
[EventCountry "SVK"]
[SourceTitle "CBM 193 Extra"]
[Source "ChessBase"]
[SourceDate "2020.01.31"]
[SourceVersion "1"]
[SourceVersionDate "2020.01.31"]
[SourceQuality "1"]
[WhiteTeam "Lehota pod Vtacnikom"]
[BlackTeam "Trencin II"]
[WhiteTeamCountry "SVK"]
[BlackTeamCountry "SVK"]

1. e4 c5 2. Nf3 Nc6 3. Bc4 e6 4. Nc3 d6 5. d3 Nf6 6. Bg5 Be7 7. 0-0 0-0 8. a3 a6 9. Ne2 d5 10. exd5 exd5 11. Ba2 Bg4 12. Ng3 Nd4 13. c3 Nxf3+ 14. gxf3 Bh3 15. Re1 h6 16. Bf4 Re8 17. Qd2 Bf8 18. Rxe8 Qxe8 19. Re1 Qc6 20. d4 Re8 21. Re3 Rxe3 22. fxe3 Qe6 23. Bb1 1/2-1/2

[Event "SVK-chT2B 1718"]
[Site "Slovakia"]
[Date "2018.02.25"]
[Round "9.2"]
[White "Kovac, Lubomir2222"]
[Black "Jurik, Karol"]
[Result "1-0"]
[WhiteElo "2146"]
[BlackElo "1878"]
[PlyCount "81"]
[EventDate "2017.10.28"]
[EventType "team-tourn"]
[EventRounds "11"]
[EventCountry "SVK"]
[SourceTitle "EXT 2019"]
[Source "ChessBase"]
[SourceDate "2018.10.10"]
[SourceVersion "1"]
[SourceVersionDate "2018.10.10"]
[SourceQuality "1"]
[WhiteTeam "Sala Slovan Duslo"]
[BlackTeam "Lehota pod Vtacnikom"]
[WhiteTeamCountry "SVK"]
[BlackTeamCountry "SVK"]

1. d4 d5 2. c4 c6 3. Nc3 e6 4. Nf3 Nf6 5. Bg5 Be7 6. e3 0-0 7. Rc1 Nbd7 8. Bd3 dxc4 9. Bxc4 Nd5 10. Bxe7 Nxe7 11. 0-0 b5 12. Bd3 Bb7 13. Ne4 Qc7 14. Nc5 a6 15. Nxd7 Qxd7 16. Ne5 Qe8 17. Be4 f6 18. Nd3 f5 19. Bf3 Nd5 20. Bxd5 cxd5 21. f4 Qe7 22. Rf2 Rac8 23. Rfc2 Rxc2 24. Rxc2 Rc8 25. Rxc8+ Bxc8 26. Qc2 Qb7 27. b4 Bd7 28. Qc5 Bc8 29. Ne5 h6 30. h3 Kh7 31. Qd6 a5 32. bxa5 b4 33. Qc6 Kg8 34. Qxb7 Bxb7 35. Nd3 Kf7 36. Nxb4 Ke7 37. Nd3 Kd6 38. Nc5 Bc6 39. a4 Ba8 40. Kf2 Bc6 41. Ke1 1-0

[Event "SVK-chT2B 1718"]
[Site "Slovakia"]
[Date "2018.02.04"]
[Round "7.2"]
[White "Podoba, Milan"]
[Black "Jurik, Karol"]
[Result "1/2-1/2"]
[WhiteElo "2039"]
[BlackElo "1878"]
[PlyCount "139"]
[EventDate "2017.10.28"]
[EventType "team-tourn"]
[EventRounds "11"]
[EventCountry "SVK"]
[SourceTitle "EXT 2019"]
[Source "ChessBase"]
[SourceDate "2018.10.10"]
[SourceVersion "1"]
[SourceVersionDate "2018.10.10"]
[SourceQuality "1"]
[WhiteTeam "Povazske Podhradie"]
[BlackTeam "Lehota pod Vtacnikom"]
[WhiteTeamCountry "SVK"]
[BlackTeamCountry "SVK"]

1. e4 e5 2. Nf3 Nc6 3. c3 Nf6 4. d4 exd4 5. e5 Nd5 6. Qb3 Nb6 7. cxd4 d5 8. Be3 Be7 9. Nbd2 0-0 10. Bd3 f5 11. exf6 Bxf6 12. 0-0 Kh8 13. Rac1 a6 14. a3 Be6 15. Qc2 Bg8 16. b4 Rc8 17. Nb3 Nd7 18. Bf5 Ne7 19. Bh3 b6 20. Ne5 Nxe5 21. dxe5 Bxe5 22. Bxc8 Nxc8 23. f4 Bd6 24. Nd4 Ne7 25. g3 Qd7 26. Rce1 h6 27. Qe2 Nf5 28. Nxf5 Qxf5 29. Bd4 Qg6 30. Be5 Bxe5 31. Qxe5 Qd3 32. Re3 Qc4 33. Rc3 Qa2 34. Rxc7 Rf7 35. Rxf7 Bxf7 36. Qa1 Qd2 37. Qc1 Qd4+ 38. Rf2 Bg6 39. Qc8+ Kh7 40. f5 Bh5 41. Qxa6 Bg4 42. Qc8 Bh3 43. Qc1 Bxf5 44. Qd2 Bd3 45. h3 Qa1+ 46. Kh2 Be4 47. g4 Qh1+ 48. Kg3 Qg1+ 49. Kf4 Qh1 50. Kg3 Qg1+ 51. Kf4 Qh1 52. Qe3 Qa1 53. Qxb6 Qxa3 54. Qd4 Qxh3 55. b5 Qh4 56. Re2 Qh1 57. Rxe4 Qh2+ 58. Ke3 dxe4 59. Qxe4+ Kg8 60. Kd4 Qc7 61. Qe8+ Kh7 62. Qc6 Qd8+ 63. Kc4 Qg8+ 64. Kb4 Qf8+ 65. Ka5 Qa3+ 66. Kb6 Qe3+ 67. Kb7 Qe7+ 68. Ka6 Qa3+ 69. Kb7 Qe7+ 70. Ka6 1/2-1/2

[Event "SVK-chT2B 1718"]
[Site "Slovakia"]
[Date "2017.10.29"]
[Round "2.2"]
[White "Jurik, Karol"]
[Black "Marko, Anton"]
[Result "0-1"]
[WhiteElo "1878"]
[BlackElo "2054"]
[PlyCount "64"]
[EventDate "2017.10.28"]
[EventType "team-tourn"]
[EventRounds "11"]
[EventCountry "SVK"]
[SourceTitle "CBM 181 Extra"]
[Source "ChessBase"]
[SourceDate "2017.12.12"]
[SourceVersion "1"]
[SourceVersionDate "2017.12.12"]
[SourceQuality "1"]
[WhiteTeam "Lehota pod Vtacnikom"]
[BlackTeam "Topolcany"]
[WhiteTeamCountry "SVK"]
[BlackTeamCountry "SVK"]

1. c4 e5 2. Nc3 Nf6 3. d3 Nc6 4. Nf3 Bc5 5. e3 0-0 6. Be2 d6 7. 0-0 Bf5 8. Na4 Qe7 9. Nxc5 dxc5 10. e4 Bg4 11. Ne1 Bxe2 12. Qxe2 Nd4 13. Qd1 Nd7 14. Nc2 f5 15. Nxd4 cxd4 16. f3 fxe4 17. fxe4 Rxf1+ 18. Qxf1 a5 19. b3 c6 20. Qe2 b5 21. a4 b4 22. Bd2 Nc5 23. Rb1 Rf8 24. Be1 Qg5 25. Bf2 h5 26. Qd1 Qf4 27. Rb2 g5 28. Re2 h4 29. Qb1 Qg4 30. Kf1 h3 31. gxh3 Qxh3+ 32. Ke1 Nxd3+ 0-1

[Event "SVK-chT3B2 1516"]
[Site "Slovakia"]
[Date "2015.12.13"]
[Round "4.2"]
[White "Jurik, Karol"]
[Black "Solik, Rudolf"]
[Result "1-0"]
[WhiteElo "1902"]
[BlackElo "1888"]
[PlyCount "102"]
[EventDate "2015.10.11"]
[EventType "team-tourn"]
[EventRounds "11"]
[EventCountry "SVK"]
[SourceTitle "CBM 170 Extra"]
[Source "ChessBase"]
[SourceDate "2016.02.25"]
[SourceVersion "1"]
[SourceVersionDate "2016.02.25"]
[SourceQuality "1"]
[WhiteTeam "Lehota pod Vtacnikom"]
[BlackTeam "Dubnica nad Vahom IV"]
[WhiteTeamCountry "SVK"]
[BlackTeamCountry "SVK"]

1. e4 c5 2. Nf3 e6 3. d4 d5 4. exd5 exd5 5. Bb5+ Bd7 6. Bxd7+ Nxd7 7. 0-0 Ngf6 8. Re1+ Be7 9. Qe2 Ne4 10. Nc3 Ndf6 11. Qb5+ Qd7 12. Qxd7+ Kxd7 13. Nxd5 Nxd5 14. Rxe4 Bf6 15. dxc5 Rhe8 16. Rxe8 Rxe8 17. c3 Kc6 18. Kf1 Kxc5 19. Bg5 Bxg5 20. Nxg5 f6 21. Nf3 a5 22. g3 b5 23. Rc1 Re7 24. h4 h5 25. Nd4 g6 26. Nb3+ Kb6 27. Rd1 Re5 28. Nc1 Kc6 29. Ne2 Kc5 30. Rd4 b4 31. Rd1 Re4 32. Rc1 Kb5 33. cxb4 Rxb4 34. b3 Kb6 35. Nc3 Nxc3 36. Rxc3 Kb7 37. a3 Rb5 38. Ke2 g5 39. hxg5 fxg5 40. f3 Kb6 41. f4 g4 42. Ke3 h4 43. gxh4 Rh5 44. Ke4 Rxh4 45. Rg3 Kc5 46. f5 Rh3 47. Rxh3 gxh3 48. Kf3 Kd5 49. b4 h2 50. Kg2 axb4 51. axb4 Ke5 1-0

[Event "SVK-chT3B2 1516"]
[Site "Slovakia"]
[Date "2015.11.15"]
[Round "2.2"]
[White "Jurik, Karol"]
[Black "Krcmar, Milan"]
[Result "0-1"]
[WhiteElo "1902"]
[BlackElo "1991"]
[PlyCount "62"]
[EventDate "2015.10.11"]
[EventType "team-tourn"]
[EventRounds "11"]
[EventCountry "SVK"]
[SourceTitle "CBM 170 Extra"]
[Source "ChessBase"]
[SourceDate "2016.02.25"]
[SourceVersion "1"]
[SourceVersionDate "2016.02.25"]
[SourceQuality "1"]
[WhiteTeam "Lehota pod Vtacnikom"]
[BlackTeam "Nemsova Horne Srnie"]
[WhiteTeamCountry "SVK"]
[BlackTeamCountry "SVK"]

1. c4 e5 2. Nc3 Nc6 3. Nf3 Bc5 4. g3 f5 5. d3 Nf6 6. Bg2 d6 7. Na4 e4 8. Nxc5 exf3 9. Bxf3 dxc5 10. Bxc6+ bxc6 11. Be3 Qe7 12. Qd2 a5 13. 0-0-0 Be6 14. f3 0-0 15. Bf2 Rfb8 16. Kb1 Nd7 17. Qc2 a4 18. Be1 Rb7 19. Ka1 Bf7 20. e4 fxe4 21. fxe4 Ne5 22. h3 Nf3 23. Bc3 Nd4 24. Qf2 Rf8 25. Qg2 Bg6 26. Rhf1 Rbb8 27. Rfe1 Qe5 28. g4 Rf7 29. h4 Rbf8 30. Bxd4 Qxd4 31. Qd2 Rf2 0-1

[Event "SVK-chT3B2 1112"]
[Site "Slovakia"]
[Date "2012.01.22"]
[Round "6.2"]
[White "Kvassay, Peter"]
[Black "Jurik, Karol"]
[Result "1-0"]
[WhiteElo "2080"]
[BlackElo "1953"]
[PlyCount "89"]
[EventDate "2011.10.23"]
[EventType "team-tourn"]
[EventRounds "9"]
[EventCountry "SVK"]
[SourceTitle "EXT 2013"]
[Source "ChessBase"]
[SourceDate "2012.11.22"]
[SourceVersion "1"]
[SourceVersionDate "2012.11.22"]
[SourceQuality "1"]
[WhiteTeam "Povazska Bystrica Sparta II"]
[BlackTeam "Lehota pod Vtacnikom"]
[WhiteTeamCountry "SVK"]
[BlackTeamCountry "SVK"]

1. d4 d5 2. Nf3 Nf6 3. e3 Bg4 4. c4 c6 5. Qb3 Qb6 6. Nc3 Qxb3 7. axb3 e6 8. c5 Nbd7 9. b4 Bxf3 10. gxf3 Be7 11. b5 0-0 12. Bd3 cxb5 13. Bxb5 a6 14. Bd3 Nb8 15. 0-0 Nc6 16. f4 Nd7 17. Bd2 f5 18. Ra4 Nf6 19. Rfa1 Ne8 20. b4 Nc7 21. b5 axb5 22. Nxb5 Rxa4 23. Rxa4 Nxb5 24. Bxb5 Rc8 25. Kf1 Kf8 26. Ke2 Bd8 27. Kd3 Ke7 28. f3 Kf7 29. Be1 Kf8 30. Bc3 Kf7 31. Ra2 Kf8 32. Ra1 Kf7 33. Kd2 Kf8 34. Rb1 b6 35. Ra1 bxc5 36. dxc5 Bf6 37. Ra6 Bxc3+ 38. Kxc3 Nd8 39. Kd4 Rc7 40. c6 Ke7 41. Kc5 Nf7 42. Ra8 Nd6 43. Ba6 Nc4 44. Bxc4 dxc4 45. Kb6 1-0

[Event "SVK-chT3B2 1112"]
[Site "Slovakia"]
[Date "2011.12.11"]
[Round "4.3"]
[White "Kavon, Rastislav"]
[Black "Jurik, Karol"]
[Result "1-0"]
[WhiteElo "1879"]
[BlackElo "1953"]
[PlyCount "43"]
[EventDate "2011.10.23"]
[EventType "team-tourn"]
[EventRounds "9"]
[EventCountry "SVK"]
[SourceTitle "EXT 2013"]
[Source "ChessBase"]
[SourceDate "2012.11.22"]
[SourceVersion "1"]
[SourceVersionDate "2012.11.22"]
[SourceQuality "1"]
[WhiteTeam "Myjava Spartak"]
[BlackTeam "Lehota pod Vtacnikom"]
[WhiteTeamCountry "SVK"]
[BlackTeamCountry "SVK"]

1. e4 e5 2. Nf3 Nc6 3. Bb5 d6 4. d4 exd4 5. Bxc6+ bxc6 6. Nxd4 Bd7 7. 0-0 Be7 8. c4 Nf6 9. Nc3 0-0 10. b3 c5 11. Nde2 Bc6 12. Ng3 Nd7 13. Bb2 Bf6 14. Qd2 a5 15. a4 Nb8 16. Rae1 Na6 17. Re3 Nb4 18. Nh5 Be5 19. Nd5 Qh4 20. Bxe5 dxe5 21. Rh3 Qd8 22. Nhf6+ 1-0

[Event "SVK-chT2 5th B01 corr"]
[Site "Slovakia"]
[Date "2002.03.01"]
[Round "1"]
[White "Pupak, Tomas"]
[Black "Jurik, Karol"]
[Result "1-0"]
[WhiteElo "1980"]
[BlackElo "2005"]
[PlyCount "25"]
[EventDate "2002.??.??"]
[EventType "team (corr)"]
[EventRounds "10"]
[EventCountry "SVK"]
[SourceTitle "Corr 2004"]
[Source "ChessBase"]
[SourceDate "2003.04.28"]
[SourceVersion "3"]
[SourceVersionDate "2003.04.28"]
[SourceQuality "1"]

1. e4 e5 2. Nc3 Nc6 3. Bc4 Nf6 4. d3 h6 5. Nge2 Bc5 6. 0-0 d6 7. Na4 Bb6 8. Nxb6 axb6 9. Nc3 Na5 10. Qe2 Nxc4 11. dxc4 Bg4 12. f3 h5 13. fxg4 1-0